Reykjavik (Keflavik) Airport Destinations - Statistics

General Stats
  • This quiz has been taken 77 times
  • The average score is 70 of 91
Answer Stats
Country City % Correct
Belgium Brussels
100%
Austria Vienna
100%
Netherlands Amsterdam
98%
Greece Athens
98%
Hungary Budapest
98%
Denmark Copenhagen
98%
Ireland Dublin
98%
Finland Helsinki
98%
Spain Madrid
98%
Latvia Riga
98%
Italy Rome
98%
Sweden Stockholm
98%
Portugal Lisbon
96%
United Kingdom London (Gatwick)
96%
United Kingdom London (Heathrow)
96%
United Kingdom London (Luton)
96%
United Kingdom London (Stansted)
96%
Italy Milan
96%
Germany Munich
96%
Norway Oslo
96%
Canada Vancouver
96%
Spain Barcelona
95%
Germany Berlin
95%
United Kingdom Manchester
95%
United States Newburgh
95%
United States New York (EWR)
95%
United States New York (JFK)
95%
France Paris
95%
France Paris-Orly
95%
Portugal Porto
95%
Canada Toronto
95%
Poland Warsaw
95%
Croatia Zagreb
95%
Germany Frankfurt
93%
Switzerland Geneva
93%
United Kingdom Glasgow
93%
Canada Montreal
93%
Czechia Prague
93%
Italy Venice
93%
Switzerland Zürich
93%
United Kingdom Edinburgh
91%
Israel Tel Aviv
91%
Norway Bergen
89%
Germany Hamburg
89%
Germany Hamburg-Lübeck
89%
Poland Krakow
89%
United States Baltimore-Washington
88%
United Kingdom Birmingham
88%
Lithuania Vilnius
88%
United States Washington
88%
United States Chicago
86%
United Kingdom Liverpool
86%
United States Boston
84%
Poland Gdansk
84%
Sweden Gothenburg
84%
Greenland Nuuk
82%
Croatia Split
82%
France Nice
77%
Austria Salzburg
77%
United Kingdom Belfast
75%
Germany Düsseldorf
75%
Spain Palma de Mallorca
75%
Spain Tenerife
75%
United Kingdom Leeds-Bradford
73%
Spain Málaga
73%
United Kingdom Newcastle
73%
United States Seattle-Tacoma
68%
Portugal Faro
66%
Denmark Aalborg
64%
Spain Alicante
64%
United States Detroit
64%
Poland Wroclaw
64%
Poland Katowice
63%
Denmark Billund
61%
Italy Bologna
57%
United Kingdom Bristol
57%
United States Denver
57%
Spain Gran Canaria
57%
United States Orlando
55%
United States Portland
48%
United States Minneapolis
45%
Greece Chania
36%
Italy Verona
34%
United Kingdom Nottingham
29%
United States Raleigh-Durham
20%
Spain Almeriá
16%
Canada Hamilton
13%
Greenland Narsarsuaq
7%
Greenland Ilulissat
4%
Greenland Kulusuk
4%
Faroe Islands Sørvágur
4%
No matching quizzes found
Score Distribution
Percent of People with Each Score
Percentile by Number Answered
Your Score History
You have not taken this quiz